Crisis en Centroamérica y el Caribe: introducción /
Se introducen los trabajos presentados en el libro: Crisis económica en Centroamérica y el Caribe. Los autores analizan los obstáculos, las perspectivas y las posibles opciones para poner en práctica las políticas de ajuste productivo necesarias para la reactivación de las economías de la región. Es...
Guardat en:
| Autor principal: | |
|---|---|
| Altres autors: | |
| Format: | Llibre |
| Idioma: | Spanish |
| Matèries: | |
| Etiquetes: |
Afegir etiqueta
Sense etiquetes, Sigues el primer a etiquetar aquest registre!
|
MARC
| LEADER | 00000nam a22000007a 4500 | ||
|---|---|---|---|
| 003 | cru CIDCACS/IIS | ||
| 005 | 20200925161128.0 | ||
| 007 | ta | ||
| 008 | 161020t1989 cr ||||| |||| 00| 0 spa d | ||
| 999 | |c 18628 |d 18628 | ||
| 040 | |c CRAI/IIS |a CRAI/IIS | ||
| 100 | 1 | |9 211 |a Lundahl, Mats | |
| 245 | 1 | |a Crisis en Centroamérica y el Caribe: |b introducción / |c Mats Lundahl, Wim Pelupessy | |
| 300 | |a páginas 13-30 | ||
| 520 | |a Se introducen los trabajos presentados en el libro: Crisis económica en Centroamérica y el Caribe. Los autores analizan los obstáculos, las perspectivas y las posibles opciones para poner en práctica las políticas de ajuste productivo necesarias para la reactivación de las economías de la región. Estos se agrupan en tres bloques: el primero se refiere a los problemas estructurales del sector agropecuario, el segundo son los estudios sobre el carácter del Estado como ente rector de cualquier estrategia de desarrollo en América Latina, y el tercer bloque refiere a las posibles opciones para una política de recuperación de los países de América Central. Finalmente, se realizan una serie de conclusiones generales de los trabajos presentados. | ||
| 650 | 4 | |9 1935 |a RECESION ECONOMICA | |
| 650 | 1 | 0 | |9 3633 |a CONFLICTOS POLITICOS |
| 650 | 1 | 0 | |9 2023 |a POLITICA AGRARIA |
| 650 | 4 | |9 2655 |a POLITICA ECONOMICA | |
| 651 | 1 | 0 | |9 128 |a AMERICA CENTRAL |
| 700 | 1 | |9 212 |a Pelupessy, Wim | |
| 773 | 0 | |0 18627 |9 68 |a Lundahl, Mats |d San José, Costa Rica: Editorial DEI, 1989 |o 17678 |t Crisis económica en Centroamérica y El Caribe / |z 9977830045 | |
| 942 | |2 ddc |c LI | ||



